História počítačom integrovanej výroby diplomová práca

Na minha lista:
Detalhes bibliográficos
Autor principal: Palágyiová, Michaela
Autor Corporativo: Fakulta hospodárskej informatiky EU. Katedra aplikovanej informatiky
Outros Autores: Jurík, Pavol, 1987-
Formato: Livro
Idioma:eslovaco
Publicado em: Bratislava 2019
Tags: Adicionar Tag
Sem tags, seja o primeiro a adicionar uma tag!

MARC

LEADER 00000nbm a2200000 4500
001 0255801
005 20191212095016.7
041 0 |a slo 
044 |a SK 
245 1 0 |a História počítačom integrovanej výroby  |b diplomová práca  |c Michaela Palágyiová ; školiteľ: Pavol Jurík 
264 1 |a Bratislava  |c 2019 
300 |a 56 s. 
100 1 |a Palágyiová, Michaela 
700 1 |a Jurík, Pavol, 1987- 
710 2 |a Fakulta hospodárskej informatiky EU. Katedra aplikovanej informatiky